<?xml version="1.0" encoding="UTF-8"?>
<record
    xmlns:xsi="http://www.w3.org/2001/XMLSchema-instance"
    xsi:schemaLocation="http://www.loc.gov/MARC21/slim http://www.loc.gov/standards/marcxml/schema/MARC21slim.xsd"
    xmlns="http://www.loc.gov/MARC21/slim">

  <leader>03283nam a2200337   4500</leader>
  <controlfield tag="003">NALT</controlfield>
  <controlfield tag="005">20260126103411.0</controlfield>
  <controlfield tag="008">251211b        th ||||| |||| 00| 0 tha d</controlfield>
  <datafield tag="020" ind1=" " ind2=" ">
    <subfield code="a">9786161870874</subfield>
  </datafield>
  <datafield tag="040" ind1=" " ind2=" ">
    <subfield code="a">NALT</subfield>
  </datafield>
  <datafield tag="041" ind1="1" ind2=" ">
    <subfield code="a">tha</subfield>
    <subfield code="h">eng</subfield>
  </datafield>
  <datafield tag="050" ind1=" " ind2=" ">
    <subfield code="a">BF 637.S4 </subfield>
    <subfield code="b">&#xE21;943&#xE2A; 2568</subfield>
  </datafield>
  <datafield tag="100" ind1="1" ind2=" ">
    <subfield code="a">&#xE42;&#xE21;&#xE23;&#xE34;&#xE19;, &#xE40;&#xE2D;&#xE21;&#xE35;.</subfield>
    <subfield code="9">67127</subfield>
  </datafield>
  <datafield tag="245" ind1="1" ind2="0">
    <subfield code="a">13 &#xE2A;&#xE34;&#xE48;&#xE07;&#xE17;&#xE35;&#xE48;&#xE04;&#xE19;&#xE08;&#xE34;&#xE15;&#xE43;&#xE08;&#xE40;&#xE02;&#xE49;&#xE21;&#xE41;&#xE02;&#xE47;&#xE07;&#xE44;&#xE21;&#xE48;&#xE17;&#xE33;&#xE01;&#xE31;&#xE19; = </subfield>
    <subfield code="b">13 Things mentally strong people don't do / </subfield>
    <subfield code="c">&#xE1C;&#xE39;&#xE49;&#xE40;&#xE02;&#xE35;&#xE22;&#xE19;, &#xE40;&#xE2D;&#xE21;&#xE35; &#xE42;&#xE21;&#xE23;&#xE34;&#xE19; ; &#xE1C;&#xE39;&#xE49;&#xE41;&#xE1B;&#xE25;, &#xE27;&#xE34;&#xE2A;&#xE32;&#xE02;&#xE4C; &#xE17;&#xE2D;&#xE07;&#xE15;&#xE31;&#xE19;. </subfield>
  </datafield>
  <datafield tag="246" ind1="3" ind2="1">
    <subfield code="a">13 Things mentally strong people don't do.</subfield>
  </datafield>
  <datafield tag="246" ind1="3" ind2="1">
    <subfield code="a">13 things mentally strong people don't do : </subfield>
    <subfield code="b">take back your power, embrace change, face your fears, and train your brain for happiness and success.</subfield>
  </datafield>
  <datafield tag="250" ind1=" " ind2=" ">
    <subfield code="a">&#xE1E;&#xE34;&#xE21;&#xE1E;&#xE4C;&#xE04;&#xE23;&#xE31;&#xE49;&#xE07;&#xE17;&#xE35;&#xE48; 2.</subfield>
  </datafield>
  <datafield tag="260" ind1=" " ind2=" ">
    <subfield code="a">&#xE01;&#xE23;&#xE38;&#xE07;&#xE40;&#xE17;&#xE1E;&#xE2F; : </subfield>
    <subfield code="b">&#xE2E;&#xE32;&#xE27;&#xE17;&#xE39; &#xE2D;&#xE21;&#xE23;&#xE34;&#xE19;&#xE17;&#xE23;&#xE4C; &#xE04;&#xE2D;&#xE23;&#xE4C;&#xE40;&#xE1B;&#xE2D;&#xE40;&#xE23;&#xE0A;&#xE31;&#xE48;&#xE19;,</subfield>
    <subfield code="c">2568.</subfield>
  </datafield>
  <datafield tag="300" ind1=" " ind2=" ">
    <subfield code="a">317 &#xE2B;&#xE19;&#xE49;&#xE32; ;</subfield>
    <subfield code="c">21 &#xE0B;&#xE21;.</subfield>
  </datafield>
  <datafield tag="505" ind1="2" ind2=" ">
    <subfield code="a">&#xE1A;&#xE17;&#xE19;&#xE33; -- &#xE04;&#xE27;&#xE32;&#xE21;&#xE40;&#xE02;&#xE49;&#xE21;&#xE41;&#xE02;&#xE47;&#xE07;&#xE17;&#xE32;&#xE07;&#xE08;&#xE34;&#xE15;&#xE43;&#xE08;&#xE04;&#xE37;&#xE2D;&#xE2D;&#xE30;&#xE44;&#xE23; -- &#xE1A;&#xE17;&#xE17;&#xE35;&#xE48; 1 &#xE44;&#xE21;&#xE48;&#xE40;&#xE2A;&#xE35;&#xE22;&#xE40;&#xE27;&#xE25;&#xE32;&#xE21;&#xE32;&#xE2A;&#xE07;&#xE2A;&#xE32;&#xE23;&#xE15;&#xE31;&#xE27;&#xE40;&#xE2D;&#xE07; -- &#xE1A;&#xE17;&#xE17;&#xE35;&#xE48; 2 &#xE44;&#xE21;&#xE48;&#xE22;&#xE2D;&#xE21;&#xE40;&#xE2A;&#xE35;&#xE22;&#xE2D;&#xE33;&#xE19;&#xE32;&#xE08;&#xE02;&#xE2D;&#xE07;&#xE15;&#xE31;&#xE27;&#xE40;&#xE2D;&#xE07;&#xE44;&#xE1B; -- &#xE1A;&#xE17;&#xE17;&#xE35;&#xE48; 3 &#xE44;&#xE21;&#xE48;&#xE2B;&#xE25;&#xE1A;&#xE40;&#xE25;&#xE35;&#xE48;&#xE22;&#xE07;&#xE01;&#xE32;&#xE23;&#xE40;&#xE1B;&#xE25;&#xE35;&#xE48;&#xE22;&#xE19;&#xE41;&#xE1B;&#xE25;&#xE07; -- &#xE1A;&#xE17;&#xE17;&#xE35;&#xE48; 4 &#xE44;&#xE21;&#xE48;&#xE43;&#xE2A;&#xE48;&#xE43;&#xE08;&#xE43;&#xE19;&#xE2A;&#xE34;&#xE48;&#xE07;&#xE17;&#xE35;&#xE48;&#xE04;&#xE27;&#xE1A;&#xE04;&#xE38;&#xE21;&#xE44;&#xE21;&#xE48;&#xE44;&#xE14;&#xE49; -- &#xE1A;&#xE17;&#xE17;&#xE35;&#xE48; 5 &#xE44;&#xE21;&#xE48;&#xE2B;&#xE48;&#xE27;&#xE07;&#xE27;&#xE48;&#xE32;&#xE15;&#xE49;&#xE2D;&#xE07;&#xE17;&#xE33;&#xE43;&#xE2B;&#xE49;&#xE17;&#xE38;&#xE01;&#xE04;&#xE19;&#xE1E;&#xE2D;&#xE43;&#xE08; -- &#xE1A;&#xE17;&#xE17;&#xE35;&#xE48; 6 &#xE44;&#xE21;&#xE48;&#xE01;&#xE25;&#xE31;&#xE27;&#xE17;&#xE35;&#xE48;&#xE08;&#xE30;&#xE23;&#xE31;&#xE1A;&#xE04;&#xE27;&#xE32;&#xE21;&#xE40;&#xE2A;&#xE35;&#xE48;&#xE22;&#xE07;&#xE17;&#xE35;&#xE48;&#xE1B;&#xE23;&#xE30;&#xE40;&#xE21;&#xE34;&#xE19;&#xE41;&#xE25;&#xE49;&#xE27; -- &#xE1A;&#xE17;&#xE17;&#xE35;&#xE48; 7 &#xE44;&#xE21;&#xE48;&#xE22;&#xE36;&#xE14;&#xE15;&#xE34;&#xE14;&#xE2D;&#xE22;&#xE39;&#xE48;&#xE01;&#xE31;&#xE1A;&#xE2D;&#xE14;&#xE35;&#xE15; -- &#xE1A;&#xE17;&#xE17;&#xE35;&#xE48; 8 &#xE44;&#xE21;&#xE48;&#xE17;&#xE33;&#xE1E;&#xE25;&#xE32;&#xE14;&#xE41;&#xE1A;&#xE1A;&#xE40;&#xE14;&#xE34;&#xE21;&#xE0B;&#xE49;&#xE33;&#xE41;&#xE25;&#xE49;&#xE27;&#xE0B;&#xE49;&#xE33;&#xE2D;&#xE35;&#xE01; -- &#xE1A;&#xE17;&#xE17;&#xE35;&#xE48; 9 &#xE44;&#xE21;&#xE48;&#xE02;&#xE38;&#xE48;&#xE19;&#xE40;&#xE04;&#xE37;&#xE2D;&#xE07;&#xE43;&#xE19;&#xE04;&#xE27;&#xE32;&#xE21;&#xE2A;&#xE33;&#xE40;&#xE23;&#xE47;&#xE08;&#xE02;&#xE2D;&#xE07;&#xE1C;&#xE39;&#xE49;&#xE2D;&#xE37;&#xE48;&#xE19; -- &#xE1A;&#xE17;&#xE17;&#xE35;&#xE48; 10 &#xE44;&#xE21;&#xE48;&#xE22;&#xE2D;&#xE21;&#xE41;&#xE1E;&#xE49;&#xE2B;&#xE25;&#xE31;&#xE07;&#xE08;&#xE32;&#xE01;&#xE04;&#xE27;&#xE32;&#xE21;&#xE25;&#xE49;&#xE21;&#xE40;&#xE2B;&#xE25;&#xE27;&#xE04;&#xE23;&#xE31;&#xE49;&#xE07;&#xE41;&#xE23;&#xE01; -- &#xE1A;&#xE17;&#xE17;&#xE35;&#xE48; 11 &#xE44;&#xE21;&#xE48;&#xE01;&#xE25;&#xE31;&#xE27;&#xE01;&#xE32;&#xE23;&#xE2D;&#xE22;&#xE39;&#xE48;&#xE04;&#xE19;&#xE40;&#xE14;&#xE35;&#xE22;&#xE27; -- &#xE1A;&#xE17;&#xE17;&#xE35;&#xE48; 12 &#xE44;&#xE21;&#xE48;&#xE23;&#xE39;&#xE49;&#xE2A;&#xE36;&#xE01;&#xE27;&#xE48;&#xE32;&#xE42;&#xE25;&#xE01;&#xE15;&#xE34;&#xE14;&#xE04;&#xE49;&#xE32;&#xE07;&#xE2D;&#xE30;&#xE44;&#xE23;&#xE1E;&#xE27;&#xE01;&#xE40;&#xE02;&#xE32; -- &#xE1A;&#xE17;&#xE17;&#xE35;&#xE48; 13 &#xE44;&#xE21;&#xE48;&#xE04;&#xE32;&#xE14;&#xE2B;&#xE27;&#xE31;&#xE07;&#xE1C;&#xE25;&#xE25;&#xE31;&#xE1E;&#xE18;&#xE4C;&#xE17;&#xE31;&#xE19;&#xE17;&#xE35; -- &#xE1A;&#xE17;&#xE2A;&#xE23;&#xE38;&#xE1B; &#xE01;&#xE32;&#xE23;&#xE23;&#xE31;&#xE01;&#xE29;&#xE32;&#xE08;&#xE34;&#xE15;&#xE43;&#xE08;&#xE17;&#xE35;&#xE48;&#xE40;&#xE02;&#xE49;&#xE21;&#xE41;&#xE02;&#xE47;&#xE07;&#xE40;&#xE2D;&#xE32;&#xE44;&#xE27;&#xE49; -- &#xE04;&#xE33;&#xE02;&#xE2D;&#xE1A;&#xE04;&#xE38;&#xE13;.</subfield>
  </datafield>
  <datafield tag="650" ind1=" " ind2="0">
    <subfield code="a">&#xE04;&#xE27;&#xE32;&#xE21;&#xE15;&#xE23;&#xE30;&#xE2B;&#xE19;&#xE31;&#xE01;&#xE43;&#xE19;&#xE28;&#xE31;&#xE01;&#xE22;&#xE20;&#xE32;&#xE1E;&#xE15;&#xE19;</subfield>
    <subfield code="9">6207</subfield>
  </datafield>
  <datafield tag="650" ind1=" " ind2="4">
    <subfield code="a">&#xE08;&#xE34;&#xE15;&#xE27;&#xE34;&#xE17;&#xE22;&#xE32;&#xE1B;&#xE23;&#xE30;&#xE22;&#xE38;&#xE01;&#xE15;&#xE4C;</subfield>
    <subfield code="9">42091</subfield>
  </datafield>
  <datafield tag="650" ind1=" " ind2="4">
    <subfield code="a">&#xE01;&#xE32;&#xE23;&#xE14;&#xE33;&#xE40;&#xE19;&#xE34;&#xE19;&#xE0A;&#xE35;&#xE27;&#xE34;&#xE15;</subfield>
    <subfield code="9">4418</subfield>
  </datafield>
  <datafield tag="700" ind1="0" ind2=" ">
    <subfield code="a">&#xE27;&#xE34;&#xE2A;&#xE32;&#xE02;&#xE4C; &#xE17;&#xE2D;&#xE07;&#xE15;&#xE31;&#xE19; </subfield>
    <subfield code="9">67138</subfield>
  </datafield>
  <datafield tag="942" ind1=" " ind2=" ">
    <subfield code="2">lcc</subfield>
    <subfield code="c">GB</subfield>
  </datafield>
  <datafield tag="996" ind1=" " ind2=" ">
    <subfield code="a">jidapa.t</subfield>
    <subfield code="b">ACQSTF</subfield>
    <subfield code="c">2025-12-11</subfield>
  </datafield>
  <datafield tag="996" ind1=" " ind2=" ">
    <subfield code="a">varee.k</subfield>
    <subfield code="b">LIBSTF</subfield>
    <subfield code="c">2025-12-12</subfield>
  </datafield>
  <datafield tag="996" ind1=" " ind2=" ">
    <subfield code="a">saiphon.d</subfield>
    <subfield code="b">CATSTF	</subfield>
    <subfield code="c">2025-12-15</subfield>
  </datafield>
  <datafield tag="999" ind1=" " ind2=" ">
    <subfield code="c">107561</subfield>
    <subfield code="d">107561</subfield>
  </datafield>
  <datafield tag="998" ind1=" " ind2=" ">
    <subfield code="j">8</subfield>
    <subfield code="k"> &#xE19;&#xE32;&#xE22;&#xE1A;&#xE31;&#xE13;&#xE11;&#xE34;&#xE15;  &#xE2D;&#xE38;&#xE17;&#xE32;&#xE27;&#xE07;&#xE04;&#xE4C;</subfield>
  </datafield>
  <datafield tag="952" ind1=" " ind2=" ">
    <subfield code="0">0</subfield>
    <subfield code="1">0</subfield>
    <subfield code="2">lcc</subfield>
    <subfield code="4">0</subfield>
    <subfield code="7">0</subfield>
    <subfield code="8">CGBL</subfield>
    <subfield code="a">NALT</subfield>
    <subfield code="b">NALT</subfield>
    <subfield code="c">GEN</subfield>
    <subfield code="d">2025-12-11</subfield>
    <subfield code="l">2</subfield>
    <subfield code="m">1</subfield>
    <subfield code="o">BF 637.S4 &#xE21;943&#xE2A; 2568</subfield>
    <subfield code="p">3961215981</subfield>
    <subfield code="r">2026-02-09 00:00:00</subfield>
    <subfield code="s">2026-01-26</subfield>
    <subfield code="w">2025-12-11</subfield>
    <subfield code="y">GB</subfield>
  </datafield>
</record>
